All Things Pig Quiz Stats

 Plays Quiz Updated Sep 5, 2019

Score 0/22 Timer 04:00
0 Plays Today
Hint Answer % Correct
The Muppet's prima donna and co-starMiss Piggy
90%
Footloose or Wild Things ActorKevin Bacon
89.5%
A messPigsty
88.7%
Ecret-say anguage-layPig latin
83.4%
OvereatPig out
82.7%
Casual term for a football (US)Pigskin
82.3%
Slang term for 'That'll never happen!'When pigs fly!
80.2%
Failed US-sponsored invasionBay of Pigs
80%
Carry on the shoulders and backPiggyback
78.9%
Wrapped hot-dog snackPigs in a blanket
78.5%
Academy of magic and wizardryHogwarts
75.9%
Hint Answer % Correct
Porcine resident of the Hundred-Acre WoodPiglet
73%
Aid to savingsPiggy Bank
69.3%
Stubborn; obstinatePig headed
67.2%
1959 or 2007 in ChinaYear of the Pig
64.6%
Grocery chain in the U.S. southeast and midwestPiggly-Wiggly
60.6%
Earn moneyBring home the bacon
56.1%
An aggressive or obstructive driverRoad Hog
55.1%
2007 John Travolta/Tim Allen MovieWild Hogs
41.4%
16th Century English philosopherFrancis Bacon
37.8%
Low quality brittle metalPig Iron
34.5%
1995 John Candy movieCanadian Bacon
20.3%

You're not logged in!

Compare scores with friends on all Sporcle quizzes.
OR
Log In

Sporcle TV

Today on Sporcle TV


Watch our educational content, quiz creation guides, and fun videos on Sporcle TV.

Show Comments

Extras

Top Quizzes Today


Score Distribution

Your Account Isn't Verified!

In order to create a playlist on Sporcle, you need to verify the email address you used during registration. Go to your Sporcle Settings to finish the process.

Report this User

Report this user for behavior that violates our Community Guidelines.

Details: